000 00342nam a2200133Ia 4500
008 230516s1989 xx 000 0 und d
041 _aeng
082 _a612.611/WIN
100 _aWinwood &SSmith
245 _aAnatomy & Physiology for Nurses
260 _bEDWALD ARNOLD
_c1989
300 _a311
650 _aHUMAN ANATOMY AND PHYSIOLOGY
999 _c385633
_d385633